header

Torture (Record no. 11938)

MARC details
000 -LEADER
fixed length control field 01216nam a22003134a 4500
082 04 - DEWEY DECIMAL CLASSIFICATION NUMBER
Classification number 323.4/9
245 00 - TITLE STATEMENT
Title Torture
260 ## - PUBLICATION, DISTRIBUTION, ETC. (IMPRINT)
Place of publication Oxford ;
-- New York :
Name of publisher Oxford University Press,
Year of publication 2004.
300 ## - PHYSICAL DESCRIPTION
Number of Pages vi, 319 p. :
Other physical details ill.
650 #0 - SUBJECT ADDED ENTRY--TOPICAL TERM
Topical Term Torture
Topical Term Human rights.
Topical Term Political prisoners
700 1# - ADDED ENTRY--PERSONAL NAME
Personal name Levinson, Sanford,
856 40 - ELECTRONIC LOCATION AND ACCESS
Uniform Resource Identifier http://site.ebrary.com/lib/rucke/Doc?id=10263655

No items available.

© 2026 Rongo University
Contact us: librarian | system librarian | Rongo university